Fundamentals of database management system / (Record no. 749)

MARC details
000 -LEADER
fixed length control field 00587nam a22001937a 4500
005 - DATE AND TIME OF LATEST TRANSACTION
control field 20230130084712.0
008 - FIXED-LENGTH DATA ELEMENTS--GENERAL INFORMATION
fixed length control field 230130b |||||||| |||| 00| 0 eng d
020 ## - INTERNATIONAL STANDARD BOOK NUMBER
International Standard Book Number 978-971-9654-62-9
082 ## - DEWEY DECIMAL CLASSIFICATION NUMBER
Classification number Fil. 005.74 P124 2017
100 ## - MAIN ENTRY--PERSONAL NAME
Personal name Padre, Nilo M.
Relator term author
245 ## - TITLE STATEMENT
Title Fundamentals of database management system /
Statement of responsibility, etc. Nilo M. Padre
250 ## - EDITION STATEMENT
Edition statement 1st ed.
260 ## - PUBLICATION, DISTRIBUTION, ETC.
Place of publication, distribution, etc. Manila:
Name of publisher, distributor, etc. Unlimited Books Library Services & Publishing,
Date of publication, distribution, etc. c2017.
300 ## - PHYSICAL DESCRIPTION
Extent x, 123p.
504 ## - BIBLIOGRAPHY, ETC. NOTE
Bibliography, etc. note Includes references
541 ## - IMMEDIATE SOURCE OF ACQUISITION NOTE
Accession number 5958 c.1, 5959 c.2
650 ## - SUBJECT ADDED ENTRY--TOPICAL TERM
Topical term or geographic name entry element Database management
650 ## - SUBJECT ADDED ENTRY--TOPICAL TERM
Topical term or geographic name entry element Databases
Holdings
Withdrawn status Lost status Source of classification or shelving scheme Damaged status Not for loan Home library Current library Date acquired Total Checkouts Full call number Barcode Date last seen Copy number Price effective from Koha item type
    Dewey Decimal Classification     ctu-moalboal ctu-moalboal 03/19/2019   Fil. 005.74 P124 2017 5958 01/30/2023 1 01/30/2023 Books-Filipiniana
    Dewey Decimal Classification     ctu-moalboal ctu-moalboal 03/19/2019   Fil. 005.74 P124 2017 5959 01/30/2023 2 01/30/2023 Books-Filipiniana